000 00387nam a2200145Ia 4500
008 230711s9999||||xx |||||||||||||| ||und||
041 _aENG
082 _a621
_bTO-T
100 _aTowers,T.D
245 0 _aTowers international digital IC selector
250 _a1st
260 _c1991
_aNew Delhi
_bPrentice-Hall of India Private Limited
650 _aElectronics Engineering
942 _cBK
999 _c2560
_d2560